<?xml version="1.0" encoding="UTF-8"?><?xml-stylesheet type="text/xsl" href="static/style.xsl"?><OAI-PMH xmlns="http://www.openarchives.org/OAI/2.0/" xmlns:xsi="http://www.w3.org/2001/XMLSchema-instance" xsi:schemaLocation="http://www.openarchives.org/OAI/2.0/ http://www.openarchives.org/OAI/2.0/OAI-PMH.xsd"><responseDate>2026-06-01T06:39:43Z</responseDate><request verb="GetRecord" identifier="oai:riuma.uma.es:10630/36247" metadataPrefix="marc">https://riuma.uma.es/rest/oai/request</request><GetRecord><record><header><identifier>oai:riuma.uma.es:10630/36247</identifier><datestamp>2026-03-06T09:17:41Z</datestamp><setSpec>com_10630_2254</setSpec><setSpec>col_10630_37959</setSpec></header><metadata><record xmlns="http://www.loc.gov/MARC21/slim" xmlns:dcterms="http://purl.org/dc/terms/" xmlns:doc="http://www.lyncode.com/xoai" xmlns:xsi="http://www.w3.org/2001/XMLSchema-instance" xsi:schemaLocation="http://www.loc.gov/MARC21/slim http://www.loc.gov/standards/marcxml/schema/MARC21slim.xsd">
   <leader>00925njm 22002777a 4500</leader>
   <datafield ind2=" " ind1=" " tag="042">
      <subfield code="a">dc</subfield>
   </datafield>
   <datafield ind2=" " ind1=" " tag="720">
      <subfield code="a">Martín, Cristobal</subfield>
      <subfield code="e">author</subfield>
   </datafield>
   <datafield ind2=" " ind1=" " tag="720">
      <subfield code="a">Ballesteros-Gómez, Joaquín</subfield>
      <subfield code="e">author</subfield>
   </datafield>
   <datafield ind2=" " ind1=" " tag="720">
      <subfield code="a">Cosano Ramos, Arturo</subfield>
      <subfield code="e">author</subfield>
   </datafield>
   <datafield ind2=" " ind1=" " tag="720">
      <subfield code="a">Rondón-García, Luis Miguel</subfield>
      <subfield code="e">author</subfield>
   </datafield>
   <datafield ind2=" " ind1=" " tag="260">
      <subfield code="c">2024-12-21</subfield>
   </datafield>
   <datafield ind2=" " ind1=" " tag="520">
      <subfield code="a">Dependency, defined as the need for assistance in daily activities due to physical or cognitive limitations, is a crucial concern in healthcare and social services. Accurately appraising dependency levels is essential for allocating resources, planning care, and enhancing the quality of life for individuals needing support. This work details developing a system to assess and predict individuals’ dependency levels through an optimized survey. Initially, a comprehensive scale with 26 items was created by social work experts and tested with 210 users with three different dependency levels recognized and 40 without any dependency. A machine learning technique has been used to find a reduced set of items that predict the dependency level accurately. The results classify the fourth class with 91 % accuracy using only nine items. This system has been deployed and tested in a web application, so other systems or persons can use it to predict the individuals’ dependency levels online.</subfield>
   </datafield>
   <datafield ind1="8" ind2=" " tag="024">
      <subfield code="a">Martin, C., Ballesteros, J., Cosano, A., Rondón, L.M. (2024). What Is Your Dependency Level? A System to Evaluate Individual Dependency Levels Depending on the Social Context and Physical Activity. In: Bravo, J., Nugent, C., Cleland, I. (eds) Proceedings of the International Conference on Ubiquitous Computing and Ambient Intelligence (UCAmI 2024). UCAmI 2024. Lecture Notes in Networks and Systems, vol 1212. Springer, Cham. https://doi.org/10.1007/978-3-031-77571-0_34</subfield>
   </datafield>
   <datafield ind1="8" ind2=" " tag="024">
      <subfield code="a">https://hdl.handle.net/10630/36247</subfield>
   </datafield>
   <datafield tag="653" ind2=" " ind1=" ">
      <subfield code="a">Personas con discapacidad</subfield>
   </datafield>
   <datafield tag="653" ind2=" " ind1=" ">
      <subfield code="a">Asistencia social</subfield>
   </datafield>
   <datafield ind2="0" ind1="0" tag="245">
      <subfield code="a">What Is Your Dependency Level? A System to Evaluate Individual Dependency Levels Depending on the Social Context and Physical Activity</subfield>
   </datafield>
</record>
</metadata></record></GetRecord></OAI-PMH>